Iconoclasm : Art as a battleground /
Main Author:
Other Authors: ,
Format: Book
Language: English
Published:
Kobenhavn :
Ny Carlsberg Glyptotek,
2024.
Tags: Add Tag
Call Number: On Hold
| LEADER | 00833nam a22002657a 4500 | ||
|---|---|---|---|
| 003 | OSt | ||
| 005 | 20260505073219.0 | ||
| 008 | 260505s2024 dk o ||| | eng | ||
| 020 | |a 9788774523871 | ||
| 035 | 9 | |a (ERAS)ERA5324022 | |
| 040 | |a NL-AmEBA |c NL-AmEBA | ||
| 050 | 1 | 4 | |a On Hold |
| 082 | 0 | 4 | |a 700 |2 22 |
| 100 | 1 | |a Minor, Anna. |e (Ed.). | |
| 245 | 1 | 0 | |a Iconoclasm : |b Art as a battleground / |c Anna Wirenfeldt Minor, Anna Manly. |
| 260 | |a Kobenhavn : |b Ny Carlsberg Glyptotek, |c 2024. | ||
| 300 | |a 203 p. ; |c 29 cm. | ||
| 336 | |a text |b txt |2 rdacontent | ||
| 337 | |a unmediated |b n |2 rdamedia | ||
| 338 | |a volume |b nc |2 rdacarrier | ||
| 700 | 1 | |a Wirenfeldt Minor, Anna |d ed. | |
| 700 | 1 | |a Manly, Anna |d ed. | |
| 942 | |2 lcc |c BK | ||
| 980 | |b LEEH |c ERA5324022 |h 60202119 |j 87.40 |m 92.00 |l ART2 |p LEEH |q 1 |v ERAS |s JRL Acquisitions | ||
| 999 | |c 62235 |d 62235 | ||
